000 00267nam a2200109Ia 4500
082 _aJ 968.05 CLAR
245 0 _aClark, Domini
100 _aSouth Africa the culture
_918893
942 _cBK
020 _a9780778796602"
008 210816s9999 xx 000 0 und d
999 _c85144
_d85143